01167 2200361 4500001002100000005001500021035002000036007000300056040001700059100002900076245012700105250001100232300003600243504002400279020001800303041000800321082001100329084001700340090001700357264004200374336002100416337003000437338002300467500002800490650002700518700008300545700004500628700003300673700003200706850001000738008004100748990001600789INLIS00000000001331220260529022859 a0010-0725000071ta aSBPUPADbind0 aAgus KardinanePengarang1 aBudi Daya Tanaman Obat secara Organik /cAgus Kardinan; Pengarang ke-2, Agus Ruhnayat; Penyunting, Tetty; Ilustrator, Ucok aCet. 1 aviii, 92 hlm :bilus ;c23,5 cm aBibliografi, hlm 85 a979-3357-13-4 aind a633.88 a633.88 AGU b a633.88 AGU b aJakarta.; :bAgroMedia Pustaka,c2003 2rdacontentaTeks 2rdamediaatanpa perantara 2rdacarrieravolume aTentang Penulis, hlm 90 4aBudi Daya Tanaman Obat aPengarang ke-2, Agus Ruhnayat; Penyunting, Tetty; Ilustrator, UcokeIlustrator aPengarang ke-2, Agus RuhnayatePengarang aPenyunting, TettyePengarang aIlustrator, UcokePengarang aPUPAD260529 0 ind  a2121/H.2007